[Event "Hradec Kralove op 9th"]
[Site "Hradec Kralove"]
[Date "2018.10.02"]
[Round "4"]
[White "Kratochvilova, Kristyna"]
[Black "Moeckel, Jens"]
[Result "1/2-1/2"]
[WhiteElo "1364"]
[BlackElo "1882"]
[PlyCount "91"]
[EventDate "2018.09.30"]
[EventType "swiss"]
[EventRounds "9"]
[EventCountry "CZE"]
[SourceTitle "CBM 186 Extra"]
[Source "ChessBase"]
[SourceDate "2018.08.24"]
[SourceVersion "1"]
[SourceVersionDate "2018.08.24"]
[SourceQuality "1"]

1. c4 g6 2. Nf3 Bg7 3. g3 d6 4. Bg2 Nc6 5. 0-0 e5 6. Nc3 Nge7 7. e3 Bg4 8. Qc2 Qd7 9. b3 0-0 10. Bb2 Bxf3 11. Bxf3 f5 12. Ne2 e4 13. Bg2 Nb4 14. Qb1 Nec6 15. Nf4 Ne5 16. Rd1 g5 17. Ne2 Qf7 18. Nd4 Nbd3 19. Bh3 Nxb2 20. Qxb2 c5 21. Nxf5 Qxf5 22. Bxf5 Nf3+ 23. Kg2 Bxb2 24. Be6+ Kg7 25. Rab1 Ba3 26. Bd5 Rae8 27. Bxb7 g4 28. d3 exd3 29. Rxd3 Rf6 30. Rbd1 Bb4 31. Rxd6 Rxd6 32. Rxd6 Ne5 33. Ra6 Rf8 34. Rxa7 Rf7 35. h3 Be1 36. hxg4 Nxg4 37. a4 h5 38. a5 Rxf2+ 39. Kg1 Rf7 40. a6 Bf2+ 41. Kh1 Bxe3 42. Ra8 Rf1+ 43. Kg2 Rf2+ 44. Kg1 Rf7+ 45. Kg2 Rf2+ 46. Kg1 1/2-1/2

[Event "CZE-ch U16 Girls"]
[Site "Kouty nad Desnou"]
[Date "2017.03.12"]
[Round "2"]
[White "Rosenbaumova, Lea"]
[Black "Kratochvilova, Kristyna"]
[Result "1-0"]
[WhiteElo "1564"]
[BlackElo "1339"]
[PlyCount "107"]
[EventDate "2017.03.11"]
[EventType "swiss"]
[EventRounds "9"]
[EventCountry "CZE"]
[SourceTitle "CBM 177 Extra"]
[Source "ChessBase"]
[SourceDate "2017.04.27"]
[SourceVersion "1"]
[SourceVersionDate "2017.04.27"]
[SourceQuality "1"]

1. e4 c6 2. c4 d5 3. exd5 cxd5 4. cxd5 Nf6 5. Nc3 Nxd5 6. d4 e6 7. Nf3 Bb4 8. Bd2 Nc6 9. Bb5 Bd7 10. 0-0 0-0 11. a3 Be7 12. Re1 Bf6 13. Nxd5 exd5 14. Bc3 Bg4 15. Be2 Qb6 16. Ne5 Bxe2 17. Rxe2 Bxe5 18. dxe5 d4 19. Bd2 Rfe8 20. Bf4 Rad8 21. Qd3 Rd5 22. Rae1 Qb5 23. Qxb5 Rxb5 24. b4 Rd5 25. e6 fxe6 26. Rxe6 Rxe6 27. Rxe6 d3 28. Re1 Nd4 29. Bc1 Ne2+ 30. Kf1 Nc3 31. Bd2 Nb5 32. a4 Nd4 33. Rd1 Nb3 34. Bc3 Rd6 35. f3 d2 36. Kf2 Kf7 37. Ke2 Re6+ 38. Kd3 Rd6+ 39. Kc2 Nd4+ 40. Bxd4 Rxd4 41. Kc3 Rd6 42. Rxd2 Rxd2 43. Kxd2 Ke6 44. Ke3 Kd5 45. Kd3 b6 46. b5 Kc5 47. Kc3 Kd5 48. g3 h5 49. h3 g6 50. h4 Kc5 51. g4 Kd5 52. Kd3 Kc5 53. gxh5 gxh5 54. Ke4 1-0

[Event "CZE-ch U14 Girls"]
[Site "Kouty nad Desnou"]
[Date "2015.03.13"]
[Round "8"]
[White "Vitova, Anna"]
[Black "Kratochvilova, Kristyna"]
[Result "1-0"]
[WhiteElo "1686"]
[BlackElo "1294"]
[PlyCount "49"]
[EventDate "2015.03.07"]
[EventType "swiss"]
[EventRounds "9"]
[EventCountry "CZE"]
[SourceTitle "EXT 2017"]
[Source "ChessBase"]
[SourceDate "2016.10.25"]
[SourceVersion "1"]
[SourceVersionDate "2016.10.25"]
[SourceQuality "1"]

1. e4 d5 2. exd5 Qxd5 3. Nc3 Qa5 4. d4 Nf6 5. Bd2 c6 6. Nf3 Bf5 7. Bc4 e6 8. a3 Nbd7 9. 0-0 0-0-0 10. Nd5 Qxd2 11. Qxd2 exd5 12. Bd3 Be6 13. Ng5 Bd6 14. c4 dxc4 15. Nxe6 fxe6 16. Bxc4 Rhe8 17. Qa5 a6 18. Rac1 Bc7 19. Qc3 Ne4 20. Qd3 Nd6 21. Bxa6 bxa6 22. Qxa6+ Kb8 23. Qxc6 Rc8 24. Qxd7 Nb7 25. Rxc7 1-0

[Event "CZE-ch U14 Girls"]
[Site "Kouty nad Desnou"]
[Date "2014.03.09"]
[Round "2"]
[White "Kratochvilova, Kristyna"]
[Black "Vlkova, Anezka"]
[Result "0-1"]
[WhiteElo "1461"]
[BlackElo "1440"]
[PlyCount "121"]
[EventDate "2014.03.08"]
[EventType "swiss"]
[EventRounds "9"]
[EventCountry "CZE"]
[SourceTitle "EXT 2015"]
[Source "ChessBase"]
[SourceDate "2014.11.20"]
[SourceVersion "1"]
[SourceVersionDate "2014.11.20"]
[SourceQuality "1"]

1. e4 e5 2. Nf3 Nf6 3. Nxe5 d6 4. Nf3 Nxe4 5. Qe2 Qe7 6. Nc3 Nxc3 7. dxc3 Be6 8. Bf4 Nc6 9. 0-0-0 0-0-0 10. g3 h6 11. Bg2 g5 12. Be3 Bg7 13. Nd4 Ne5 14. f4 Bc4 15. Qf2 Ng4 16. Qf3 Qxe3+ 17. Qxe3 Nxe3 18. Bh3+ g4 19. Rde1 Rde8 20. Rxe3 Rxe3 21. Bxg4+ Kb8 22. Nf5 Ree8 23. Nxg7 Reg8 24. Nf5 Rxg4 25. Ne3 Be2 26. Re1 Bf3 27. Rf1 Rg6 28. Rxf3 Re6 29. Nf5 Rhe8 30. h4 Re1+ 31. Kd2 Ra1 32. Nxh6 Ree1 33. c4 Red1+ 34. Kc3 Rxa2 35. Nxf7 Rb1 36. b3 Rc1 37. Rf2 Rg1 38. Rf3 Rg2 39. Re3 Raxc2+ 40. Kb4 c5+ 41. Kb5 Rce2 42. Rd3 Rd2 43. Rxd6 Rxd6 44. Nxd6 Rxg3 45. f5 Kc7 46. Kxc5 b6+ 47. Kd5 Rd3+ 48. Ke5 Rxd6 49. f6 Rd8 50. Ke6 Rd6+ 51. Ke7 Rd4 52. f7 Rxh4 53. f8Q Re4+ 54. Kf7 Rf4+ 55. Ke7 Rxf8 56. Kxf8 Kc6 57. Ke7 Kc5 58. Ke6 Kb4 59. Kd5 Kxb3 60. c5 bxc5 61. Kxc5 0-1